01341nab a22002657a 4500003000400000005001700004008004100021040000700062100002700069245009800096260007300194300001500267500003800282505034200320505008200662650001800744650002500762650001900787650001300806650002800819650002700847650002500874650002200899773015400921OSt20251222234846.0190429b xxu||||| |||| 00| 0 spa d cPJ aAriza Clerici, Rodolfo10aInfluencers y las apuestas ilegales en línea / cRodolfo Ariza Clerici, Maximiliano Ruiz. cCiudad Autónoma de Buenos Aires :aThomson Reuters La Ley, b2025. ap. 145-158 aCita: TR LALEY AR/DOC/2841/2025.  aSumario: I. Introducción.— II. Influencer. Definiciones. Caracteres. Clasificaciones.— III. Influencers en el derecho penal.— IV. Influencers en los juegos de azar en línea ilegal.— V. Primeras notas sobre la responsabilidad del influencer. — VI. Notas finales: entre riesgos emergentes y retos de regulación jurídica.  tSi te interesa el texto completo, solicitalo a koha@justierradelfuego.gov.ar  0aDERECHO PENAL 0aDELITOS INFORMATICOS 0aJUEGOS DE AZAR 0aINTERNET 0aDERECHOS DEL CONSUMIDOR 0aASOCIACIÓN ILÍCITA 0aPUBLICIDAD COMERCIAL 0aLAVADO DE ACTIVOS0 02658tRevista de derecho penal y criminología. Nº 11 - Diciembre 2025dCiudad Autónoma de Buenos Aires : Thomson Reuters La Ley, 2017-x00347914